005620000a220009700045001000021000002450048000213000047000695000024001165200279001407730045004191 aWiener, Gabriela10aLa rebelión de los objetos : Nueva novela aVol.0, núm.10 (Julio, 2006), Página 17 aPeriodista peruana. aEl joven escritor y periodista Mauricio Bernal (Bogotá, 1972) lanzará el 2 de agosto su primera novela, La dificultad de las cosas (Villegas Editores): la crónica de una existencia prosaica transformada en la aventura límite de un prófugo del mundo de los objetos.0 tArcadia / Andrés Felipe Solano, Editor